[Event "GER-chT Federal Cup (Women)"]
[Site "Braunfels"]
[Date "2015.06.07"]
[Round "5.8"]
[White "Landenberger, Anja Kathrin"]
[Black "Metzner, Anita"]
[Result "1/2-1/2"]
[WhiteElo "1564"]
[BlackElo "1558"]
[PlyCount "29"]
[EventDate "2015.06.04"]
[EventType "team-swiss"]
[EventRounds "5"]
[EventCountry "GER"]
[SourceTitle "CBM 167 Extra"]
[Source "ChessBase"]
[SourceDate "2015.09.14"]
[SourceVersion "1"]
[SourceVersionDate "2015.09.14"]
[SourceQuality "1"]
[WhiteTeam "Baden (W)"]
[BlackTeam "Bayern (W)"]
[WhiteTeamCountry "GER"]
[BlackTeamCountry "GER"]

1. d4 g6 2. Nf3 Bg7 3. Bf4 b6 4. e3 Bb7 5. Nbd2 e6 6. Be2 Ne7 7. 0-0 0-0 8. Rc1 d6 9. c4 c5 10. dxc5 dxc5 11. Be5 Nd7 12. Bxg7 Kxg7 13. Qc2 Qc7 14. Ne4 Bxe4 15. Qxe4 1/2-1/2

[Event "Seebach op 23rd"]
[Site "Grossenseebach"]
[Date "2012.06.08"]
[Round "4"]
[White "Walther, Reinhard"]
[Black "Metzner, Anita"]
[Result "1-0"]
[WhiteElo "1878"]
[BlackElo "1516"]
[PlyCount "120"]
[EventDate "2012.06.07"]
[EventType "swiss"]
[EventRounds "7"]
[EventCountry "GER"]
[SourceTitle "EXT 2013"]
[Source "ChessBase"]
[SourceDate "2012.11.22"]
[SourceVersion "1"]
[SourceVersionDate "2012.11.22"]
[SourceQuality "1"]

1. d4 c6 2. Nf3 d5 3. Nc3 Nf6 4. Bg5 h6 5. Bh4 Bg4 6. e3 e6 7. h3 Bf5 8. g4 Bh7 9. Bd3 Be7 10. Bg3 Nbd7 11. Nd2 Bxd3 12. cxd3 Nb6 13. Nb3 Bd6 14. f4 Nfd7 15. Qf3 Qc7 16. Bh4 c5 17. Nb5 Qc6 18. Nxd6+ Qxd6 19. 0-0 c4 20. dxc4 Nxc4 21. Rf2 g6 22. e4 Rh7 23. Re1 Kf8 24. exd5 Qxd5 25. Qd3 Re8 26. Rfe2 Nd6 27. f5 gxf5 28. Bg3 Rg7 29. Bxd6+ Qxd6 30. Qf3 fxg4 31. hxg4 h5 32. Rg2 hxg4 33. Rxg4 Rxg4+ 34. Qxg4 Nf6 35. Qh4 Ke7 36. Rf1 Rg8+ 37. Kf2 Qd5 38. Ke3 Qg5+ 39. Qxg5 Rxg5 40. Nc5 Nd5+ 41. Kd2 Rg2+ 42. Kc1 b6 43. Nd3 Ne3 44. Rf3 Rg1+ 45. Kd2 Nc4+ 46. Kc3 b5 47. a4 a6 48. b3 Nd6 49. axb5 axb5 50. Ne5 f5 51. Nc6+ Kd7 52. Ne5+ Kc7 53. Kb4 Rd1 54. Rc3+ Kb7 55. Nc6 f4 56. Nd8+ Kb8 57. Nxe6 Nf5 58. Ka5 b4 59. Rf3 Rc1 60. Kxb4 Rc3 1-0

[Event "Seebach op 23rd"]
[Site "Grossenseebach"]
[Date "2012.06.07"]
[Round "2"]
[White "Metzner, Anita"]
[Black "Tschammer, Armin"]
[Result "1-0"]
[WhiteElo "1516"]
[BlackElo "1126"]
[PlyCount "65"]
[EventDate "2012.06.07"]
[EventType "swiss"]
[EventRounds "7"]
[EventCountry "GER"]
[SourceTitle "EXT 2013"]
[Source "ChessBase"]
[SourceDate "2012.11.22"]
[SourceVersion "1"]
[SourceVersionDate "2012.11.22"]
[SourceQuality "1"]

1. d4 g6 2. c4 d6 3. Nc3 Nd7 4. Nf3 e6 5. e3 Bg7 6. Bd3 b6 7. 0-0 Bb7 8. e4 Ne7 9. Qc2 h6 10. Re1 0-0 11. d5 e5 12. h3 a6 13. Nh2 Nc5 14. f4 Nxd3 15. Qxd3 exf4 16. Bxf4 Qd7 17. e5 Qf5 18. Qxf5 Nxf5 19. exd6 Nxd6 20. Bxd6 cxd6 21. Re7 Bc8 22. Rae1 Rb8 23. Nf3 Bf6 24. Rc7 Bd8 25. Rc6 b5 26. cxb5 axb5 27. Rxd6 Bb6+ 28. Kf1 Ba6 29. b4 Rfc8 30. Rc6 Rxc6 31. dxc6 Rc8 32. Nd5 Rxc6 33. Ne7+ 1-0

[Event "BL2 Sued 1112 (Women)"]
[Site "Germany"]
[Date "2011.12.18"]
[Round "5.3"]
[White "Metzner, Anita"]
[Black "Aswathy, Balagopalan"]
[Result "0-1"]
[WhiteElo "1540"]
[BlackElo "1913"]
[PlyCount "60"]
[EventDate "2011.10.29"]
[EventType "team-tourn"]
[EventRounds "7"]
[EventCountry "GER"]
[SourceTitle "EXT 2013"]
[Source "ChessBase"]
[SourceDate "2012.11.22"]
[SourceVersion "1"]
[SourceVersionDate "2012.11.22"]
[SourceQuality "1"]
[WhiteTeam "Neuperlach (W)"]
[BlackTeam "Bayern Muenchen (W)"]
[WhiteTeamCountry "GER"]
[BlackTeamCountry "GER"]

1. Nf3 Nf6 2. d4 g6 3. Bg5 Bg7 4. c3 d6 5. Nbd2 0-0 6. e4 Nc6 7. Bd3 e5 8. 0-0 Bg4 9. h3 Bd7 10. d5 Ne7 11. Bxf6 Bxf6 12. g4 Qc8 13. Nh2 h5 14. f4 exf4 15. gxh5 Bxh3 16. Rxf4 Be5 17. Rf2 Bg3 18. Rf6 Kg7 19. hxg6 Bxh2+ 20. Kxh2 Kxf6 21. Qf3+ Kg7 22. gxf7 Rh8 23. Kg3 Rh6 24. Qf4 Rg6+ 25. Kh2 Qh8 26. Nf3 Bg4+ 27. Kg3 Bxf3+ 28. Kf2 Qh3 29. e5 Rg2+ 30. Ke3 Be2+ 0-1

[Event "GER-chT Federal Cup (Women)"]
[Site "Braunfels"]
[Date "2010.06.04"]
[Round "3"]
[White "Strate, Gerda"]
[Black "Metzner, Anita"]
[Result "1/2-1/2"]
[WhiteElo "1696"]
[BlackElo "1613"]
[PlyCount "81"]
[EventDate "2010.06.03"]
[EventType "team-swiss"]
[EventRounds "5"]
[EventCountry "GER"]
[SourceTitle "CBM 136 Extra"]
[Source "ChessBase"]
[SourceDate "2010.07.02"]
[SourceVersion "2"]
[SourceVersionDate "2010.07.15"]
[SourceQuality "1"]

1. e4 g6 2. d4 Bg7 3. Nf3 d6 4. Bc4 Nf6 5. Nc3 0-0 6. Bg5 Bg4 7. h3 Bxf3 8. Qxf3 h6 9. Be3 Nc6 10. Rd1 e6 11. Bb3 Na5 12. e5 Ne8 13. 0-0 Nxb3 14. axb3 d5 15. Ne2 Kh7 16. Nf4 Qe7 17. c4 c6 18. Qe2 f6 19. Qg4 Qf7 20. Nxe6 Rg8 21. Nxg7 Nxg7 22. exf6 Qxf6 23. Qd7 Rab8 24. Qc7 Rgc8 25. Qa5 dxc4 26. bxc4 a6 27. Qd2 Nf5 28. Bf4 Ra8 29. Be5 Qf7 30. b3 Rd8 31. Qf4 Rd7 32. Rd3 Rad8 33. Rf3 Qe6 34. Rd1 b5 35. Qc1 Nxd4 36. Bxd4 Rxd4 37. Re1 Qd6 38. Rfe3 Rd1 39. Qc3 Rxe1+ 40. Rxe1 Qd7 41. Qa1 1/2-1/2

[Event "GER-chT Federal Cup (Women)"]
[Site "Braunfels"]
[Date "2010.06.03"]
[Round "1"]
[White "Biehl, Katrin"]
[Black "Metzner, Anita"]
[Result "1/2-1/2"]
[WhiteElo "1086"]
[BlackElo "1613"]
[PlyCount "51"]
[EventDate "2010.06.03"]
[EventType "team-swiss"]
[EventRounds "5"]
[EventCountry "GER"]
[SourceTitle "CBM 136 Extra"]
[Source "ChessBase"]
[SourceDate "2010.07.02"]
[SourceVersion "2"]
[SourceVersionDate "2010.07.15"]
[SourceQuality "1"]

1. d4 d5 2. Nf3 Nf6 3. e3 Bg4 4. Bd3 e6 5. Nbd2 Be7 6. e4 dxe4 7. Nxe4 0-0 8. c3 c6 9. 0-0 Nbd7 10. Re1 c5 11. Nxf6+ Nxf6 12. h3 Bh5 13. Be2 Qb6 14. Ne5 Bxe2 15. Rxe2 cxd4 16. cxd4 Rfd8 17. Be3 Nd5 18. Rd2 Bf6 19. Ng4 Qd6 20. Nxf6+ Nxf6 21. f3 Qd5 22. b3 Rac8 23. Rc1 Ne8 24. Rc5 Qd7 25. Rxc8 Rxc8 26. d5 1/2-1/2

[Event "GER-chT Federal Cup (Women)"]
[Site "Braunfels"]
[Date "2009.06.05"]
[Round "2"]
[White "Metzner, Anita"]
[Black "Domaske, Susann"]
[Result "1/2-1/2"]
[WhiteElo "1619"]
[BlackElo "1695"]
[PlyCount "60"]
[EventDate "2009.06.04"]
[EventType "team-swiss"]
[EventRounds "5"]
[EventCountry "GER"]
[SourceTitle "CBM 130 Extra"]
[Source "ChessBase"]
[SourceDate "2009.07.02"]
[SourceVersion "2"]
[SourceVersionDate "2009.07.15"]
[SourceQuality "1"]

1. d4 d5 2. Nf3 Nf6 3. c4 e6 4. Nc3 Bb4 5. e3 0-0 6. Bd2 c5 7. Bd3 cxd4 8. Nxd4 dxc4 9. Bxc4 Nbd7 10. 0-0 Ne5 11. Bb3 b6 12. f4 Bxc3 13. Bxc3 Neg4 14. Qf3 Ba6 15. Rfd1 Qc7 16. h3 Nh6 17. g4 Bb7 18. Qe2 Ne4 19. Bb4 Rfd8 20. Rac1 Qb8 21. g5 Ng3 22. Qh2 Nhf5 23. Nxf5 Nxf5 24. Rxd8+ Qxd8 25. Qd2 Qxd2 26. Bxd2 Rc8 27. Rxc8+ Bxc8 28. Kf2 Nd6 29. Bc2 Bb7 30. Bc3 Be4 1/2-1/2

[Event "BL2 Sued 0809 (Women)"]
[Site "Germany"]
[Date "2008.12.06"]
[Round "3.2"]
[White "Gussakovski, Jana"]
[Black "Metzner, Anita"]
[Result "1-0"]
[WhiteElo "2080"]
[BlackElo "1618"]
[PlyCount "47"]
[EventDate "2008.11.08"]
[EventType "team-tourn"]
[EventRounds "7"]
[EventCountry "GER"]
[SourceTitle "EXT 2010"]
[Source "ChessBase"]
[SourceDate "2010.11.25"]
[SourceVersion "1"]
[SourceVersionDate "2010.11.25"]
[SourceQuality "1"]
[WhiteTeam "Wolfbusch (W)"]
[BlackTeam "Neuperlach (W)"]
[WhiteTeamCountry "GER"]
[BlackTeamCountry "GER"]

1. e4 e6 2. d4 d6 3. Nf3 Nf6 4. Bd3 Be7 5. 0-0 0-0 6. Qe2 Nbd7 7. e5 dxe5 8. dxe5 Nd5 9. Qe4 g6 10. Rd1 c6 11. Bh6 Re8 12. c4 Nb4 13. Bf1 Qc7 14. Nc3 Bf8 15. Bxf8 Rxf8 16. a3 Na6 17. b4 b6 18. Rd6 Bb7 19. Rad1 Rad8 20. Qd3 c5 21. Rxd7 Rxd7 22. Qxd7 Bxf3 23. Qxc7 Nxc7 24. gxf3 1-0

[Event "BL2 Sued 0809 (Women)"]
[Site "Germany"]
[Date "2008.11.09"]
[Round "2.1"]
[White "Jussupow, Nadejda"]
[Black "Metzner, Anita"]
[Result "1-0"]
[WhiteElo "2168"]
[BlackElo "1618"]
[PlyCount "39"]
[EventDate "2008.11.08"]
[EventType "team-tourn"]
[EventRounds "7"]
[EventCountry "GER"]
[SourceTitle "EXT 2010"]
[Source "ChessBase"]
[SourceDate "2010.11.25"]
[SourceVersion "1"]
[SourceVersionDate "2010.11.25"]
[SourceQuality "1"]
[WhiteTeam "Krumbach (W)"]
[BlackTeam "Neuperlach (W)"]
[WhiteTeamCountry "GER"]
[BlackTeamCountry "GER"]

1. d4 d5 2. Nf3 Nf6 3. e3 Bf5 4. c4 e6 5. Qb3 b6 6. Nc3 Be7 7. Ne5 0-0 8. Be2 c5 9. dxc5 Bxc5 10. 0-0 dxc4 11. Qxc4 Nbd7 12. Nc6 Qc7 13. Bf3 Rac8 14. b4 Bd6 15. Nb5 Ne5 16. Nxe5 Qxc4 17. Nxc4 Bxh2+ 18. Kxh2 Rxc4 19. Nd4 Rxb4 20. Ba3 1-0

[Event "GER-chT Federal Cup (Women)"]
[Site "Braunfels"]
[Date "2006.05.06"]
[Round "4"]
[White "Strate, Gerda"]
[Black "Metzner, Anita"]
[Result "0-1"]
[WhiteElo "1671"]
[BlackElo "1621"]
[PlyCount "88"]
[EventDate "2006.05.04"]
[EventType "team-swiss"]
[EventRounds "5"]
[EventCountry "GER"]
[SourceTitle "EXT 2010"]
[Source "ChessBase"]
[SourceDate "2010.11.25"]
[SourceVersion "1"]
[SourceVersionDate "2010.11.25"]
[SourceQuality "1"]

1. e4 e6 2. d4 d5 3. e5 c5 4. c3 cxd4 5. cxd4 Bb4+ 6. Bd2 Nc6 7. Nf3 Nge7 8. Nc3 0-0 9. a3 Ba5 10. b4 Bb6 11. Bg5 a6 12. Na4 h6 13. Nxb6 Qxb6 14. Bxe7 Nxe7 15. Bd3 Bd7 16. 0-0 Rac8 17. Qd2 Bb5 18. Bxb5 Qxb5 19. h4 Rc4 20. Rac1 Rfc8 21. g4 Rxc1 22. Rxc1 Rxc1+ 23. Qxc1 Qd3 24. Kg2 Nc6 25. Qb2 Qe4 26. Kg3 g6 27. b5 axb5 28. Qxb5 Nxd4 29. Nxd4 Qxd4 30. Qe8+ Kg7 31. Qb8 Qc3+ 32. Kg2 Qxa3 33. Qd8 Qb4 34. Qf6+ Kg8 35. f3 b5 36. Qd8+ Qf8 37. Qb6 b4 38. Qe3 Kg7 39. h5 g5 40. f4 Qa8 41. Qd4 Qa2+ 42. Kg3 Qb3+ 43. Kg2 Qc2+ 44. Kf1 Qc4+ 0-1

[Event "GER-chT Federal Cup (Women)"]
[Site "Braunfels"]
[Date "2006.05.04"]
[Round "1"]
[White "Metzner, Anita"]
[Black "Imas, Denisa"]
[Result "1-0"]
[WhiteElo "1621"]
[BlackElo "1222"]
[PlyCount "55"]
[EventDate "2006.05.04"]
[EventType "team-swiss"]
[EventRounds "5"]
[EventCountry "GER"]
[SourceTitle "EXT 2010"]
[Source "ChessBase"]
[SourceDate "2010.11.25"]
[SourceVersion "1"]
[SourceVersionDate "2010.11.25"]
[SourceQuality "1"]

1. d4 e6 2. c4 d5 3. Nc3 Nf6 4. Nf3 b6 5. e3 c5 6. cxd5 exd5 7. Be2 c4 8. 0-0 Be7 9. b3 Ne4 10. Bd2 Nxd2 11. Nxd2 Bb4 12. Qc2 cxb3 13. Qxb3 Bxc3 14. Qxc3 0-0 15. Rfc1 Ba6 16. Bf3 Qd6 17. Qc7 Rd8 18. Qxd6 Rxd6 19. Rc7 Nc6 20. Bxd5 Rxd5 21. Rxc6 h6 22. Rc7 Rg5 23. Ne4 Rg6 24. Rac1 Be2 25. Rd7 a5 26. Rcc7 Bf3 27. Ng3 Bh5 28. Nxh5 1-0